| 000 | 01134nas a2200361 4500 | ||
|---|---|---|---|
| 001 | BR2016001715 | ||
| 003 | BR-BrBNA | ||
| 005 | 20231205130305.0 | ||
| 007 | ta | ||
| 008 | 230509b bl.|||p| |||| 00| 00por d | ||
| 040 |
_aBR-BrBNA _bpor _cBiblioteca Nacional de Agricultura |
||
| 041 | _a(En) | ||
| 072 | _aL73 | ||
| 100 | 1 | _aGennari, S.M. | |
| 100 | 1 | _aPena, H.F. de J. | |
| 100 | 1 | _aLindsay, D.S. | |
| 100 | 1 | _aLopes, M.G. | |
| 100 | 1 | _aSoares, H.S. | |
| 100 | 1 | _aCabral, A.D. | |
| 100 | 1 | _aVitaliano, S.N. | |
| 100 | 1 | _aAmaku, M. | |
| 245 | 1 | _aPrevalence of antibodies against Neospora spp. and Sarcocystis neurona in donkeys from northeastern Brazil | |
| 650 | _aJUMENTO | ||
| 650 | _aDOENCA ANIMAL | ||
| 650 | _aSISTEMA NERVOSO | ||
| 650 | _aPROTOZOARIO | ||
| 650 | _aANTICORPO | ||
| 650 | _aSARCOCYSTIS | ||
| 773 | 0 |
_tBrazilian Journal of Veterinary Parasitology (Brazil) _xISSN 1984-2961 _g(Jan-Mar 2016), v. 25(1) p. 109-111 _wBR2016001715 |
|
| 856 | 4 | 0 | _uhttp://www.scielo.br/pdf/rbpv/v25n1/1984-2961-rbpv-S1984-29612016003.pdf |
| 909 |
_a202311 _bLúcia _c55 _dLúcia Elande |
||
| 942 |
_2AGRIS _n0 _cANA |
||
| 999 |
_c248684 _d248684 |
||